Normal view MARC view
  • Amir Hossein Alavi, Maria Feng, Pengcheng Jiao, & Zahra Sharif-Khodaei

Entry Personal Name

Number of records used in: 1

001 - CONTROL NUMBER

  • control field: 133564

003 - CONTROL NUMBER IDENTIFIER

  • control field: NUST

005 - DATE AND TIME OF LATEST TRANSACTION

  • control field: 20260304120347.0

008 - FIXED-LENGTH DATA ELEMENTS

  • fixed length control field: 260304|| aca||aabn | a|a d

040 ## - CATALOGING SOURCE

  • Original cataloging agency: NUST
  • Transcribing agency: NUST

100 ## - HEADING--PERSONAL NAME

  • Personal name: Amir Hossein Alavi, Maria Feng, Pengcheng Jiao, & Zahra Sharif-Khodaei

670 ## - SOURCE DATA FOUND

  • Source citation: Work cat.: (NUST): Amir Hossein Alavi, Maria Feng, Pengcheng Jiao, & Zahra Sharif-Khodaei., The Rise of Smart Cities: Advanced Structural Sensing and Monitoring Systems /, 2022.
© 2023 Central Library, National University of Sciences and Technology. All Rights Reserved.